书目信息 |
| 题名: |
毛泽东邓小平与现代中国
|
|
| 作者: | ||
| 分册: | ||
| 出版信息: | 北京 当代世界出版社 1994 |
|
| 页数: | 685 | |
| 开本: | 20cm | |
| 丛书名: | ||
| 单 册: | ||
| 中图分类: | A75 | |
| 科图分类: | ||
| 主题词: | 毛泽东--生平事迹 , 毛泽东--传记 | |
| 电子资源: | ||
| ISBN: | 7-80115-011-5 | |
| 000 | 00502nam0 2200181 450 | |
| 001 | 0735257515 | |
| 005 | 20070904094737.51 | |
| 010 | @a7-80115-011-5@d18.50 | |
| 100 | @a20070904d km y0chiy0120 ea | |
| 101 | 0 | @achi |
| 200 | 1 | @a毛泽东邓小平与现代中国@Amao ze dong deng xiao ping yu xian dai zhong guo |
| 210 | @a北京@c当代世界出版社@d1994 | |
| 215 | @a685@d20cm | |
| 606 | 0 | @a毛泽东@x生平事迹 |
| 606 | 0 | @a毛泽东@x传记 |
| 690 | @aA75@v3 | |
| 801 | 0 | @aCN@bPFT@c20070904 |
| 905 | @a213230@dA75@ea12@f1 | |
| 毛泽东邓小平与现代中国.-北京:当代世界出版社,1994 |
| 685;20cm |
| ISBN 7-80115-011-5:18.50 |
| ● |
| 相关链接 |
|
|
|
|
正题名:毛泽东邓小平与现代中国
索取号:A75/a12
 
预约/预借
| 序号 | 登录号 | 条形码 | 馆藏地/架位号 | 状态 | 备注 |
| 1 | 7500133 | 275001338 | 史法系资料室/ [索取号:A75/a12] | 在馆 |